| 000 | 00534nam a22001817a 4500 | ||
|---|---|---|---|
| 003 | BD-DhJNU | ||
| 005 | 20250804045800.0 | ||
| 008 | 250804b |||||||| |||| 00| 0 eng d | ||
| 040 |
_aBD-DhJNU _bENG _cBD-DhJNU _dBD-DhJNU |
||
| 082 |
_223 _a959 PUS |
||
| 100 | _aPurcell, Victor | ||
| 245 |
_aSouth and East Asia since 1800/ _cVictor Purcell |
||
| 260 |
_aCambridge : _bCambridge University Press, _c1965. |
||
| 300 |
_ax, 228p. : _bill. ; _c23 cm. |
||
| 504 | _aIncludes index | ||
| 650 | _aSoutheast Asia-History | ||
| 942 |
_2ddc _cBK _n0 |
||
| 999 |
_c1967 _d1967 |
||